Fundamentals of physics (Record no. 92763)
[ view plain ]
| 000 -LEADER | |
|---|---|
| fixed length control field | 00490nam a2200205Ia 4500 |
| 003 - CONTROL NUMBER IDENTIFIER | |
| control field | OSt |
| 005 - DATE AND TIME OF LATEST TRANSACTION | |
| control field | 20221018145533.0 |
| 008 - FIXED-LENGTH DATA ELEMENTS--GENERAL INFORMATION | |
| fixed length control field | 210210b1988 xxu||||| |||| 00| 0 eng d |
| 040 ## - CATALOGING SOURCE | |
| Transcribing agency | AL |
| 041 ## - LANGUAGE CODE | |
| Language code of text/sound track or separate title | English |
| 082 ## - DEWEY DECIMAL CLASSIFICATION NUMBER | |
| Classification number | 530 HALF |
| 100 ## - MAIN ENTRY--PERSONAL NAME | |
| Personal name | HALLIDAY (David) & RESNICK (Robert). |
| 9 (RLIN) | 59871 |
| 245 ## - TITLE STATEMENT | |
| Title | Fundamentals of physics |
| 250 ## - EDITION STATEMENT | |
| Edition statement | 3 |
| 260 ## - PUBLICATION, DISTRIBUTION, ETC. | |
| Place of publication, distribution, etc. | NY |
| Name of publisher, distributor, etc. | John Wiley and Sons |
| Date of publication, distribution, etc. | 1988 |
| 300 ## - PHYSICAL DESCRIPTION | |
| Extent | 1149,A34,14 |
| 690 ## - LOCAL SUBJECT ADDED ENTRY--TOPICAL TERM (OCLC, RLIN) | |
| Topical term or geographic name as entry element | Physics |
| 9 (RLIN) | 59872 |
| 906 ## - LOCAL DATA ELEMENT F, LDF (RLIN) | |
| a | 042767 |
| 942 ## - ADDED ENTRY ELEMENTS (KOHA) | |
| Source of classification or shelving scheme | Dewey Decimal Classification |
| Koha item type | Book |
| Withdrawn status | Lost status | Damaged status | Not for loan | Collection code | Home library | Current library | Shelving location | Date acquired | Cost, normal purchase price | Total Checkouts | Full call number | Barcode | Date last seen | Price effective from | Koha item type | Source of classification or shelving scheme |
|---|---|---|---|---|---|---|---|---|---|---|---|---|---|---|---|---|
| St Aloysius Library | St Aloysius Library | 02/17/2021 | 0.00 | 530 HALF | 042767 | 02/17/2021 | 02/17/2021 | Book | ||||||||
| Physics | St Aloysius Library | St Aloysius Library | Secondary stack section | 02/17/2021 | 0.00 | 530 HALF | 045421 | 02/17/2021 | 02/17/2021 | Book | Dewey Decimal Classification |